Countries That Have Had A Solid Color Flag - Statistics

General Stats
  • This quiz has been taken 17 times
  • The average score is 5 of 10
Answer Stats
Color Hint Answer % Correct
Green
Great Socialist People's Libyan Arab Jamahiriya / Sokoto Caliphate / Adamawa Emirate / Hammadid Dynasty / Ahmadnagar Sultanate / Principality of Najran / Nizari Ismaili State / Zirid Dynasty / Ladonia
100%
Red
Sultanate of Aussa / Bavarian Soviet Republic / Bremen Soviet Republic / Finnish Socialist Workers' Republic / Hungarian Soviet Republic / State of Jammu and Kashmir / Kurundvad Senior State / Socialist Soviet Republic of Lithuania and Belorussia / Kuban-Black Sea Soviet Republic / Maldives / Ayutthaya Kingdom / Muscat and Oman / Kingdom of Nagpur / Nizari Ismaili state / North Caucasian Soviet Republic / Slovak Soviet Republic / Mutawakkilite Kingdom of Yemen / Emirate of Fujairah / Bahrain / Ottoman Empire / Grand Principality of Hungary / Kingdom of Hungary / Nghệ-Tĩnh Soviets / Morocco / Paris Commune
92%
Black Abbasid Caliphate / Hotak Dynasty / Korean People's Association in Manchuria / Afghanistan
83%
White Islamic Emirate of Afghanistan / Fatimid Caliphate / Bourbon Kingdom of France / Rustamid Dynasty / Kelantan
67%
Yellow Ayyubid Sultanate / Bruneian Sultanate / Bundi State / Sultanate of Maguindanao
42%
Orange
Indore State / Jhansi / Aundh State / Akkalkot State / Kolhapur State / Kurundvad Junior State / Maratha Confederacy / Sangli State / Baroda
42%
Grey Bila Sultanate
17%
Blue
Crimean People's Republic / Sultanate of Golconda / Kingdom of France
17%
Pink Jhalawar State
17%
Beige Karauli State
17%
No matching quizzes found
Score Distribution
Percent of People with Each Score
Percentile by Number Answered
Your Score History
You have not taken this quiz